01756nam a2200253 a 4500001001000000005001700010008004100027041000800068044000700076084002000083100004500103245009500148260006700243300001700310500045600327500007800783500039300861500001101254650005201265650005601317650003401373650004501407740005001452BRCA_282920190320204003.0091208s1916----sp-#---###---#000-0#spa-u aspa asp a263b.A73c19161 aCervantes Saavedra, Miguel ded1547-161610aEl Ingenioso Hidalgo Don Quijote de la Manchaccompuesto por Miguel de Cervantes Saavedra. aMadridbImprenta de la Revista de Archivos y Bibliotecasc1916 a6 v.c25 cm. aContenido : v 1. Primera parte. Retrato de Cervantes. Prólogos de Rodríguez Marín. Tasa. Privilegio del rey. Dedicatoria del autor. Prólogo del autor. Versos preliminares. Texto. -- v 2. Texto. -- v 3. Texto. -- v 4. Segunda parte. Tasa. Aprobación de Gutierre de Cetina. Aprobación de Joseph de Valdivieso. Aprobación de Marquez Torres. Privilegio del rey. Dedicatoria del autor. Prólogo del autor. Texto. -- v 5. Texto. -- v 6. Texto aEdición : Edición crítica anotada por Francisco Rodríquez Marín aEdición similar a la anotada por el mismo comentador y publicada en los años 1911-13, con la ampliación de las notas y pequeñas enmiendas del texto basado en las primeras ediciones de Cuesta (1605 y 1615). Contiene el retrato de Cervantes atribuido a Jáuregui que Rodríguez Marín tomó por auténtico. Piel; lomeras decoradas con filetes y adornos dorados Lúdovik Osterc aQM117114aNovela españolayÉpoca clásica, 1500-170014aLiteratura españolayÉpoca clásica, 1500-170014aNovela españolaySiglo XVII14aDon Quijote (Personaje ficticio)eNovela0 aEl Ingenioso Hidalgo Don Quijote de la Mancha